Culture Générale - Série 2605 - Statistiques

Statistiques générales
  • Ce quiz a été pris 121 fois
  • Le résultat moyen est 6 sur 10
Statistiques - réponses
Question Réponse % Correct
Quelle grande affaire a divisé l'opinion française en deux à la fin du XIXème siècle ? Dreyfus
90%
En quelle année le Titanic a-t-il coulé ? 1912
85%
Dans quel pays eut lieu, en 1984, le génocide des tutsis ? Rwanda
84%
Dans quelle île Napoléon Bonaparte fut-il envoyé en exil en 1814 ? Elbe
78%
Quel général, au Chili, a renversé le Président Allende en 1973 ? Pinochet
73%
Qui fut surnommé tour à tour "le premier flic de France" " le Tigre" " Le Père la Victoire " ? Clemenceau
61%
Quel impôt frappait le sel sous l'Ancien Régime ? gabelle
57%
(Familier) Jouer à la manière des enfants. Gambader, aller de-ci de-là. ... S'amuser à courtiser une jeune fille - 9 lettres commençant par " b " batifoler
33%
Sous quel nom appelle-t-on l'incident qui s'est produit entre la France et le Royaume Uni en 1898 ? Incident qui mit face à face à ...... (aujourd'hui Kodok, Soudan du Sud) la mission française du capitaine Marchand, qui tentait de devancer l'Angleterre sur le haut Nil, et l'expédition britannique de Kitchener . Fachoda
7%
Plante répandue en France que l'on croise dans les sous-bois ou le pied des haies, les fossés ou les près humides.Sa richesse en vitamine C en a fait un remède contre le scorbut. Elle s'avère également efficace contre les plaies gingivales, les enflures articulaires, la gale ou encore les verrues. Enfin elle est essentiellement prescrite en usage externe dans le traitement des hémorroïdes. ficaire
0%
Aucun quiz correspondant
Distribution des résultats
% des personnes avec chaque résultat
Percentile par nombre de réponses
Votre historique - résultats
Vous n’avez pas pris ce quiz